书目信息 |
| 题名: |
如何进行中小学团体心理辅导
|
|
| 作者: | 王利群 主编 | |
| 分册: | ||
| 出版信息: | 广州 广东世界图书出版公司 2011 |
|
| 页数: | 182页 | |
| 开本: | 23cm | |
| 丛书名: | 校园辅导员工作丛书 | |
| 单 册: | ||
| 中图分类: | G448 | |
| 科图分类: | ||
| 主题词: | 中小学生--教育心理辅导 , 中小学生 , 教育心理辅导 | |
| 电子资源: | ||
| ISBN: | 978-7-5100-3350-6 | |
| 000 | 00911oam2 2200265 450 | |
| 001 | 5343 | |
| 005 | 20180528195044.05 | |
| 010 | @a978-7-5100-3350-6@dCNY25.80 | |
| 100 | @a20120504d2011 em y0chiy50 ea | |
| 101 | 0 | @achi |
| 102 | @aCN@b440000 | |
| 105 | @ay z 000yy | |
| 200 | 1 | @a如何进行中小学团体心理辅导@9ru he jin xing zhong xiao xue tuan ti xin li fu dao@f王利群[主编]@g本书编写组编著 |
| 210 | @a广州@c广东世界图书出版公司@d2011 | |
| 215 | @a182页@d23cm | |
| 225 | 1 | @a校园辅导员工作丛书@f王立群,周作宇主编 |
| 330 | @a本书介绍了从事团体心理辅导的指导者应具备的知识和技能,内容涉及中小学团体心理辅导的目标、内容、模式等。 | |
| 461 | 0 | @12001 @a校园辅导员工作丛书 |
| 606 | 0 | @a中小学生@x教育心理辅导 |
| 606 | 0 | @a中小学生 |
| 606 | 0 | @a教育心理辅导 |
| 690 | @aG448@v5 | |
| 701 | 0 | @a王利群@9wang li qun@c(女, 心理学)@4主编 |
| 801 | 0 | @aCN@b91MARC@c20130904 |
| 905 | @aMuseLib@dG448@e339 | |
| 如何进行中小学团体心理辅导/王利群[主编]/本书编写组编著.-广州:广东世界图书出版公司,2011 |
| 182页;23cm.-(校园辅导员工作丛书/王立群,周作宇主编) |
| ISBN 978-7-5100-3350-6:CNY25.80 |
| 本书介绍了从事团体心理辅导的指导者应具备的知识和技能,内容涉及中小学团体心理辅导的目标、内容、模式等。 |
| ● |
| 相关链接 |
|
|
|
|
正题名:如何进行中小学团体心理辅导
索取号:G448/339
 
预约/预借
| 序号 | 登录号 | 条形码 | 馆藏地/架位号 | 状态 | 备注 |
| 1 | 1112939 | 211129394 | 第一样本阅览室/ [索取号:G448/339] | 在馆 | |
| 2 | 1112940 | 211129401 | 教育系资料室/ [索取号:G448/339] | 在馆 | |
| 3 | 1112941 | 211129410 | 教育系资料室/ [索取号:G448/339] | 在馆 | |
| 4 | 1112942 | 211129429 | 第四借阅区/ [索取号:G448/339] | 在馆 |